000
00275nam a22001217a 4500
082
_a
823
_b
POT/L
100
_a
POTTER, BEATRIX
245
_a
THE TALE OF PETER RABBIT
260
_a
NEW YORK
_b
GOLDEN
_c
1993
300
_a
20
650
_a
ENGLISH STORY
_z
UNITED STATES
942
_c
BK
999
_c
7429
_d
7429